Error-free computation : why it is needed and methods for doing it /
Guardado en:
| Autor Principal: | |
|---|---|
| Formato: | Libro |
| Idioma: | English |
| Publicado: |
Huntington, N.Y. :
R. E. Krieger,
1980.
|
| Materias: | |
| Etiquetas: |
Agregar Etiqueta
Sin Etiquetas, Sea el primero en etiquetar este registro!
|
| LEADER | 00765pam a2200217 a 4500 | ||
|---|---|---|---|
| 001 | MAT.inmabb004934 | ||
| 008 | 800714s1980####nyua#####b####001#0#eng## | ||
| 005 | 20130406184529.0 | ||
| 245 | 1 | 0 | |a Error-free computation : |b why it is needed and methods for doing it / |c by Robert Todd Gregory. |
| 260 | |a Huntington, N.Y. : |b R. E. Krieger, |c 1980. | ||
| 300 | |a 152 p. : |b il. ; |c 28 cm. | ||
| 504 | |a Incluye referencias bibliográficas (p. [145]-147) e índice. | ||
| 510 | 4 | |a MR, |c 83f:65061 | |
| 020 | |a 0898742404 | ||
| 100 | 1 | |a Gregory, Robert Todd, |d 1920- | |
| 650 | 0 | |a Approximation theory |x Data processing. | |
| 650 | 0 | |a Floating-point arithmetic. | |
| 084 | |a 65G50 |2 msc2000 | ||
| 010 | |a 80023923 | ||
| 040 | |a DLC |c DLC |d DLC | ||
| 859 | |h 65 |i G822 |p A-6653 |b BIB. MATEMATICA | ||
